000 00534nam a2200169 i 4500
001 155504
003 ES-MaACL
005 20230906210114.0
008 021108s1850 fr d |||| | fre d
080 _a58(038)
100 1 _aHoefer, Ferdinand.
_963914
245 1 0 _aDictionnaire de botanique pratique /
_cpar Ferd. Hoefer.
260 _aParis :
_bLibrairie de Firmin Didot Frères,
_c1850.
300 _aIII, 726 p. :
_bil. ;
_c17 cm.
650 4 _aBotánica-
_xDiccionarios.
_9150273
852 4 _aES-MaACL
_jD-2393
_z- Enc. hol.
999 _c155504
_d155504